Statistiques concernant Pays d'Asie avec une carte

Cliquez ici pour prendre le quiz!

Statistiques générales

  • Ce quiz a été pris 3 188 fois
  • Le résultat moyen est 39 sur 48

Réponses sur la Carte

Les réponses sont colorées sur une échelle allant du rouge au vert en fonction du pourcentage des utilisateurs qui les ont devinées à leur premier essai. Vous pouvez retrouver ces pourcentages ci-dessous.
 

Statistiques - réponses

Pays% Correct
Chine
99%
Inde
97%
Japon
97%
Corée du Nord
95%
Corée du Sud
95%
Arabie Saoudite
94%
Mongolie
94%
Turquie
93%
Irak
92%
Iran
92%
Indonésie
91%
Pakistan
89%
Viêt Nam
88%
Afghanistan
87%
Israël
87%
Thaïlande
87%
Yémen
87%
Kazakhstan
86%
Émirats
arabes unis
84%
Népal
84%
Syrie
84%
Laos
83%
Oman
83%
Ouzbékistan
83%
Philippines
83%
Qatar
81%
Sri Lanka
81%
Cambodge
80%
Jordanie
80%
Turkménistan
80%
Liban
78%
Taïwan
78%
Arménie
77%
Birmanie
77%
Malaisie
77%
Bangladesh
76%
Azerbaïdjan
73%
Bhoutan
73%
Géorgie
73%
Koweït
73%
Chypre
72%
Kirghizistan
69%
Tadjikistan
69%
Singapour
66%
Bahreïn
60%
Brunei
59%
Maldives
58%
Timor-Leste
53%

Distribution des résultats

Percentile par nombre de réponses

% des personnes avec chaque résultat

Votre développement - résultats

Vous n’avez pas pris ce quiz